Guía de Cataluña y sus comarcas : síntesis geográfico-histórica : agricultura, industria, demografía, turismo, folklore, etc. / Jaime Bover Argerich síntesis geográfico-histórica :
Publicado:
Barcelona :
Fondo Cultural de la Caja de Ahorros Provincial de la Diputación de Barcelona ,
1966
Descripción Física:
364 p. : il. ; 22 cm
Otros Autores:
Caixa Catalunya
Materias:
Catalunya -- Guies
MARC
| LEADER | 00000nam a2200000Ia 4500 | ||
|---|---|---|---|
| 001 | 11373 | ||
| 008 | 160829s1966 xx 000 0 cat d | ||
| 080 | |a H-1-122 | ||
| 100 | |a Bover Argerich, Jaime |9 26303 | ||
| 245 | |a Guía de Cataluña y sus comarcas : |b síntesis geográfico-histórica : |b agricultura, industria, demografía, turismo, folklore, etc. / Jaime Bover Argerich | ||
| 260 | |a Barcelona : |b Fondo Cultural de la Caja de Ahorros Provincial de la Diputación de Barcelona, |c 1966 | ||
| 300 | |a 364 p. : |b il. ; |c 22 cm | ||
| 650 | |a Catalunya |x Guies |9 31557 | ||
| 700 | |a Caixa Catalunya | ||
| 901 | |a Arxiu | ||
| 942 | |n 1 | ||
| 952 | |0 0 |1 0 |4 0 |6 H1122 |7 1 |9 43949 |a Arxiu |b Arxiu |d 2016-12-01 |l 0 |o H-1-122 |p 11373 |r 2016-12-01 00:00:00 |w 2016-12-01 |y ARXIU | ||
| 999 | |c 46529 |d 46529 | ||